00517nam a22001577a 450000500170000001000150001702000260003203500140005803700090007208200220008110000270010324500970013026000470022727000610027430000240033520250612145610.0 aENG-145325 a9788175102651c650.00 aEN-128857 bDBAD a331.120424095421 aLaha, Sidhartha Sankar aEMPLOYMENT GUARANTEE AND RURAL POOR:cSidhartha Sankar LahabReflections from West Bengal / aNew DelhibReliance Publishing Housec2021 aWZ 526, Nangal Rana, New Delhi-110046bNew Delhie110046 axv, 207p.c24cm(hb)